00412nam a2200145 a 450000500170000000800410001702000140005805000290007210000220010124500450012326000360016830000300020452100090023465000230024320140310183139.0020819s19uu xx 00 eng d a007071872 aHF 5549.5.S38b.K59 1999 aKlinvex, Kevin C. aHiring great people /cKevin C. Klinvex. aNew York :bMcGraw-Hill,c1999. a210 p. :bill. ;c22 cm.  aBSBA aEmployee selection